[Event "ROU-chT Women Superliga 2018"]
[Site "Sovata"]
[Date "2018.11.28"]
[Round "4"]
[White "Marin, Irina-Luiza"]
[Black "Javakhishvili, Lela"]
[Result "1-0"]
[WhiteElo "2032"]
[BlackElo "2477"]
[Annotator "TA"]
[PlyCount "89"]
[EventDate "2018.11.24"]
[EventType "team-tourn"]
[EventCountry "ROU"]
[SourceTitle "playchess.com"]
[Source "ChessBase"]
[SourceQuality "1"]

{[%evp 11,89,-10,0,-41,-24,-24,-31,-65,-43,-31,-37,-46,-47,-44,-42,-15,-24,-21,0,0,0,0,0,0,0,0,0,-71,-64,-74,-27,-43,17,29,64,52,43,-50,74,0,0,-64,0,4,193,193,200,197,193,198,195,179,305,320,316,297,301,293,507,488,464,464,729,718,689,683,682,555,879,879,1892,1466,6311,4700,6520,6107,6295,1639,29977,29978]} 1. c4 g6 2. g3 Bg7 3. Bg2 c5 4. Nc3 Nc6 5. e4 a6 6. Nge2 b5 7. cxb5 {A36: Symmetrical English vs ...g6: 4 Bg2 Bg7} (7. d3 Rb8 8. O-O bxc4 9. dxc4 d6 10. b3 Nf6 11. h3 O-O 12. Be3 e5 13. f4 Nd4 14. f5 gxf5 {½-½ (42) Pena Gomez,M (2475)-Martinez Alcantara,J (2545) Barcelona 2018}) 7... axb5 8. Nxb5 Ba6 9. Nbc3 {Black is slightly better.} Nb4 10. O-O Bd3 11. Nf4 $1 {[%cal Rf4d3]} Bxf1 12. Qxf1 Rc8 $146 ({Predecessor:} 12... Qa5 13. a3 Nc6 14. Rb1 Rb8 {0-1 (31) Denkinger,R (1890)-Reschke,S (2365) Schwaebisch Gmuend 2013}) 13. a3 Nc6 14. Rb1 Nf6 15. b4 cxb4 16. axb4 O-O 17. b5 Nd4 18. Qd3 Ng4 19. b6 {[#]} (19. Nfe2 $1 $11 {keeps the balance.} Qb6 20. Nd5 {[%mdl 64] Double Attack} Nxe2+ 21. Qxe2) 19... Ne5 $1 $17 {[%cal Re5d3]} 20. Qf1 ({Avoid the trap} 20. Qxd4 $2 Nf3+ 21. Bxf3 Bxd4 $19) 20... d6 21. Nfe2 Nd7 (21... Nxe2+ $15 22. Qxe2 Rb8) 22. b7 $36 {[%mdl 2048] White has some pressure.} Rb8 23. Nxd4 Bxd4 24. Qc4 (24. e5 $14) 24... Bb6 {[#]} (24... e5 $1 $15 {stays ahead.}) 25. Qa6 ({White should play} 25. e5 $1 $16) 25... e6 {White should prevent ...Qc7.} 26. Na4 ({White should try} 26. Ba3 $11 Bc5 27. e5 Bxa3 28. Qxa3 Nxe5 29. Qa1) 26... Bd4 (26... Qc7 $1 $15 27. Nxb6 Qxb7) 27. Qxd6 Nc5 $2 (27... Qf6 $11 28. Qf4 Qxf4 29. gxf4 Nb6) 28. Qxd8 $18 Rfxd8 29. Nxc5 Bxc5 30. e5 Rd4 31. Kf1 Rb4 (31... Rc4 $142 32. Ke2 Kg7) 32. Rxb4 Bxb4 {[%mdl 4096] Endgame KRB-KB} 33. Ke2 Bc5 34. Bb2 Kf8 $2 (34... g5 35. d4 Ba7) 35. d4 Be7 36. Bc3 Kg7 (36... f6 $142 37. f4 fxe5 38. fxe5 Bd8 39. Bb4+ Be7) 37. Ba5 Bd8 38. Bb4 Bc7 39. Kd3 f6 40. Bd6 Bxd6 41. exd6 e5 42. dxe5 fxe5 43. Kc4 Kf6 44. Kc5 (44. Kb5 $142 e4 45. Kc6) 44... Rf8 45. Bh3 {Accuracy: White = 74%, Black = 34%.} 1-0

[Event "ROU-chT Women Superliga 2018"]
[Site "Sovata"]
[Date "2018.11.28"]
[Round "4"]
[White "Rendi, Eva"]
[Black "Paehtz, Elisabeth"]
[Result "1/2-1/2"]
[WhiteElo "2015"]
[BlackElo "2495"]
[Annotator "TA"]
[PlyCount "40"]
[EventDate "2018.11.24"]
[EventType "team-tourn"]
[EventCountry "ROU"]
[SourceTitle "playchess.com"]
[Source "ChessBase"]
[SourceQuality "1"]

{[%evp 14,40,18,10,62,50,116,39,48,43,49,0,0,-1,72,75,79,75,85,55,100,102,100,101,126,118,147,148,150]} 1. e4 c5 {[%cal Bc7c5,Bc5d4][%mdl 32]} 2. c3 d5 3. exd5 Qxd5 4. d4 g6 5. Na3 cxd4 6. Nb5 Na6 {[#]} 7. Be3 $1 {[%mdl 512]} Bg7 (7... dxe3 8. Qxd5) 8. Nf3 Bg4 {B06: Modern Defence} (8... Nf6 $11 9. Bxd4 (9. Qxd4 O-O $11) 9... O-O) (8... Nf6 9. Bxd4 O-O 10. a4 Bg4 11. Be2 Rad8 12. h3 e5 13. Be3 Qe6 14. Qc1 Bxf3 15. Bxf3 e4 16. Be2 {0-1 (37) Ivanchuk,V (2731)-Giri,A (2734) Beijing 2013}) 9. Qa4 $14 {Black must now prevent Nc7+.} Kf8 (9... Nc5 $14 10. Qa3 Rc8 11. Nbxd4 Bh6) 10. Nfxd4 ({White should try} 10. Nbxd4 $16 Nc5 11. Qa3) 10... Bh6 $146 {With the idea ...Bxe3.White is slightly better.} ({Predecessor:} 10... Nf6 11. h3 e5 12. hxg4 exd4 13. Qxd4 Re8 14. Be2 Qxg2 15. O-O-O Qc6 16. Qd6+ Qxd6 17. Nxd6 Re7 18. Nxb7 Rxb7 19. Bxa6 Rc7 20. Rhe1 {1-0 (20) Rausis,I (2495)-Permiakov,V (2200) Latvia 1994}) 11. Nc2 Rd8 {[#] ( -> ...Qd2+!)} 12. Qxg4 {Hoping for Bc4.} Bxe3 {[%csl Gd8,Ge3][%cal Rd5d2]} 13. Nbd4 $36 {[%mdl 2048] White is pushing.} Bh6 (13... h5 $11 14. Qd1 (14. Nxe3 hxg4 15. Nxd5 Rxd5 $11) 14... Bxd4 15. Qxd4 Qe6+ 16. Qe3 Nc5) 14. Bxa6 $16 bxa6 15. O-O Nf6 16. Qh3 Qh5 17. Qxh5 Nxh5 18. Rad1 {Threatens to win with Ne6+!} Rc8 19. Rfe1 Bf4 20. Nb4 Nf6 {Accuracy: White = 63%, Black = 40%.} 1/2-1/2

[Event "ROU-chT Women Superliga 2018"]
[Site "Sovata"]
[Date "2018.11.28"]
[Round "4"]
[White "Aciu, Malina-Andreea"]
[Black "Matasaru, Stephanie"]
[Result "1/2-1/2"]
[WhiteElo "1976"]
[BlackElo "1859"]
[Annotator "NA"]
[PlyCount "55"]
[EventDate "2018.11.24"]
[EventType "team-tourn"]
[EventCountry "ROU"]
[SourceTitle "playchess.com"]
[Source "ChessBase"]
[SourceQuality "1"]
[TimeControl "40/5400+30:1800+30"]

1. e4 {[%emt 0:00:00]} c5 {[%emt 0:00:00]} 2. c3 {[%emt 0:00:00]} Nf6 {[%emt 0:00:00]} 3. e5 {[%emt 0:00:00]} Nd5 {[%emt 0:00:00]} 4. d4 {[%emt 0:00:00]} cxd4 {[%emt 0:00:03]} 5. Nf3 {[%emt 0:00:00]} Nc6 {[%emt 0:00:11]} 6. cxd4 {[%emt 0:00:00]} d6 {[%emt 0:00:19]} 7. Bc4 {[%emt 0:00:02]} Nb6 {[%emt 0:00:08]} 8. Bb3 {[%emt 0:00:05]} dxe5 {[%emt 0:00:22]} 9. d5 {[%emt 0:00:05]} Na5 {[%emt 0:00:13]} 10. Nc3 {[%emt 0:00:04]} Nxb3 {[%emt 0:00:14]} 11. Qxb3 {[%emt 0:00:06]} e6 {[%emt 0:01:10]} 12. Nxe5 {[%emt 0:00:09]} Bd6 {[%emt 0:01:24] B22: Sicilian: 2 c3} (12... Nxd5 13. Qb5+ Bd7 14. Qxb7 Bb4 15. Nxd7 Qc8 16. Nc5 Qxb7 17. Nxb7 Rb8 18. Nd6+ Bxd6 19. Nxd5 exd5 20. O-O {½-½ (31) Stevic,H (2624)-Markus,R (2625) Ljubljana 2012}) 13. Qb5+ {[%emt 0:00:39]} Kf8 {[%emt 0:00:56]} 14. dxe6 {[%emt 0:01:37]} Bxe6 {[%emt 0:00:42]} 15. Be3 {[%emt 0:12:48]} Qc7 {[%emt 0:09:40]} 16. Nf3 {[%emt 0:03:03]} Nc4 {[%emt 0:17:15]} 17. O-O $146 {[%emt 0:42:38]} ({Predecessor:} 17. Bd4 a6 18. Qg5 Rg8 19. O-O h6 20. Qh5 {½-½ (33) Jonker,F (2141)-Hoeksema,H (2373) Dieren 2006}) 17... Nxe3 {[%emt 0:08:27]} 18. fxe3 {[%emt 0:00:04]} Bc4 {[%emt 0:01:11]} 19. Qf5 {[%emt 0:00:23]} Bxf1 {[%emt 0:01:28]} 20. Rxf1 {[%emt 0:00:08]} Qc8 {[%emt 0:05:37]} 21. Qh5 {[%emt 0:02:27]} Qc4 {[%emt 0:06:39]} 22. Nd5 {[%emt 0:05:56]} f6 {[%emt 0:05:33]} 23. Ng5 $15 {[%emt 0:07:52]} ({White should play} 23. Nd4 $18 Re8 {[#]} 24. Nxf6 $1 {[%mdl 512]} gxf6 25. Rxf6+ {[%mdl 64] Double Attack} Ke7 26. Qh4) 23... Bxh2+ {[%emt 0:10:11]} 24. Kxh2 {[%emt 0:02:09]} Qxd5 {[%emt 0:00:33]} 25. Nxh7+ {[%emt 0:05:34]} Rxh7 {[%emt 0:00:08]} 26. Qxh7 {[%emt 0:00:03]} Qe5+ {[%emt 0:02:12]} 27. Kh1 {[%emt 0:01:27]} Re8 {[%emt 0:05:13]} 28. Rf3 {[%emt 0:02:10]} 1/2-1/2

[Event "ROU-chT Women Superliga 2018"]
[Site "Sovata"]
[Date "2018.11.28"]
[Round "4"]
[White "Ciolacu, Alessia-Mihaela"]
[Black "L'Ami, Alina"]
[Result "0-1"]
[WhiteElo "1972"]
[BlackElo "2285"]
[Annotator "TA"]
[PlyCount "70"]
[EventDate "2018.11.24"]
[EventType "team-tourn"]
[EventCountry "ROU"]
[SourceTitle "playchess.com"]
[Source "ChessBase"]
[SourceQuality "1"]

{[%evp 19,70,13,32,-12,-8,-14,0,-12,-2,-59,-64,-66,-52,-80,-31,-34,-37,-29,-13,-86,-57,-89,-97,-83,-86,-79,-71,-114,-92,-204,-197,-198,-108,-114,-102,-169,-126,-281,-268,-334,-333,-325,-318,-313,-293,-1573,-1541,-1568,-1478,-1536,-1276,-977,-622]} 1. d4 Nf6 2. c4 g6 3. Nc3 Bg7 4. e4 d6 5. Be2 O-O 6. Bg5 c5 7. d5 e6 8. Qd2 exd5 9. exd5 Qb6 10. Nf3 Bf5 {LiveBook: 51 Games} 11. Bxf6 $146 {E75: King's Indian: Averbakh Variation: 6...c5 7 d5 e6} ({Predecessor:} 11. Nh4 Ne4 12. Nxe4 Bxe4 13. f3 h6 14. Bxh6 Bxh6 15. Qxh6 Qxb2 16. O-O Bc2 17. Rac1 Nd7 18. Rf2 Ba4 19. Bd1 Qa3 20. Bxa4 Qxa4 21. f4 Nf6 22. Nf5 {1-0 (22) Kravtsiv,M (2657)-Amin,B (2672) Martuni 2017}) 11... Bxf6 12. O-O Nd7 13. h3 {Black must now prevent g4.The position is equal.} Ne5 14. Nxe5 (14. Nh2 $11) 14... Bxe5 $15 15. Rae1 Rae8 16. Kh1 Qd8 17. Bd3 Bxd3 18. Qxd3 Bd4 19. Qg3 (19. Rxe8 $11 Rxe8 20. Nb5) 19... a6 20. f4 {[#]} Rxe1 $1 21. Rxe1 Re8 22. Kh2 Kg7 23. a3 Re7 24. Re4 (24. Rxe7 $17 Qxe7 25. b3) 24... Rxe4 $19 25. Nxe4 Qe7 (25... Bxb2 $19 26. Qb3 Bd4 27. Qxb7 Qh4) 26. Nc3 $17 h5 27. h4 (27. b3 $17 {is a better defense.}) 27... Bf6 $19 28. Kh3 $2 {[#]} (28. Qf3 $17) 28... b5 $1 {[%mdl 512]} 29. cxb5 axb5 30. Qf3 b4 ({Weaker is} 30... Bxh4 31. Nxb5 Bf6 32. Nc3 $17) 31. axb4 cxb4 32. Na2 $2 (32. Nd1) 32... Qe1 {[%csl Gf6][%cal Re1h4] Black is clearly winning.} 33. Qg3 Qh1+ 34. Qh2 Qb1 {( -> ...Qf5+)} 35. Nxb4 Qe1 {Accuracy: White = 31%, Black = 65%.} 0-1

[Event "ROU-chT Women Superliga 2018"]
[Site "Sovata"]
[Date "2018.11.28"]
[Round "4"]
[White "Stanciu, Andreea-Briana"]
[Black "Pelin, Ana-Maria"]
[Result "1/2-1/2"]
[WhiteElo "1953"]
[BlackElo "1751"]
[Annotator "NA"]
[PlyCount "40"]
[EventDate "2018.11.24"]
[EventType "team-tourn"]
[EventCountry "ROU"]
[SourceTitle "playchess.com"]
[Source "ChessBase"]
[SourceQuality "1"]
[TimeControl "40/5400+30:1800+30"]

1. e4 {[%emt 0:00:00]} c5 {[%emt 0:00:50]} 2. Nf3 {[%emt 0:00:00]} e6 {[%emt 0:00:16]} 3. d4 {[%emt 0:00:00]} cxd4 {[%emt 0:00:05]} 4. Nxd4 {[%emt 0:00:00]} a6 {[%emt 0:00:18]} 5. Bd3 {[%emt 0:00:03]} Qc7 {[%emt 0:00:17]} 6. Nc3 {[%emt 0:00:17]} Nf6 {[%emt 0:00:27]} 7. O-O {[%emt 0:00:25]} Nc6 {[%emt 0:01:26]} 8. Nxc6 {[%emt 0:02:39]} bxc6 {[%emt 0:00:42]} 9. f4 {[%emt 0:01:40]} d5 {[%emt 0:04:38]} 10. e5 {[%emt 0:02:08]} Nd7 {[%emt 0:01:30] B46: Sicilian: Taimanov: 5 Nc3 a6} 11. Qg4 {[%emt 0:03:26]} Bc5+ {[%emt 0:06:37]} 12. Kh1 {[%emt 0:02:41]} O-O {[%emt 0:02:07]} 13. Rf3 $146 {[%emt 0:01:10]} ({Predecessor:} 13. Bd2 f5 14. exf6 Nxf6 15. Qh4 {1-0 (38) Naiditsch,A (2687)-Stratonowitsch,A (2138) Doha 2016}) 13... f5 {[%emt 0:06:49]} 14. Qh3 {[%emt 0:04:03]} Rf7 {[%emt 0:04:44]} 15. g4 {[%emt 0:02:19]} Nf8 {[%emt 0:02:13]} 16. gxf5 {[%emt 0:01:36]} exf5 {[%emt 0:00:10]} 17. Bd2 {[%emt 0:01:01]} a5 {[%emt 0:09:57]} 18. Re1 {[%emt 0:04:36]} Be6 {[%emt 0:02:53]} 19. Ne2 $17 {[%emt 0:03:11]} a4 {[%emt 0:11:50]} 20. c3 {[%emt 0:01:14]} Qa7 {[%emt 0:04:27]} 1/2-1/2

[Event "ROU-chT Women Superliga 2018"]
[Site "Sovata"]
[Date "2018.11.28"]
[Round "4"]
[White "Anton, Ana-Roxana"]
[Black "Visanescu, Daria-Ioana"]
[Result "0-1"]
[WhiteElo "1860"]
[BlackElo "2096"]
[Annotator "NA"]
[PlyCount "68"]
[EventDate "2018.11.24"]
[EventType "team-tourn"]
[EventCountry "ROU"]
[SourceTitle "playchess.com"]
[Source "ChessBase"]
[SourceQuality "1"]
[TimeControl "40/5400+30:1800+30"]

1. d4 {[%emt 0:00:00]} d5 {[%emt 0:02:06]} 2. Nf3 {[%emt 0:00:00]} e6 {[%emt 0:00:29]} 3. Bf4 {[%emt 0:00:19]} Nf6 {[%emt 0:00:07]} 4. e3 {[%emt 0:00:22]} Bd6 {[%emt 0:00:27]} 5. Bg5 {[%emt 0:05:36]} Nbd7 {[%emt 0:03:00]} 6. Bd3 {[%emt 0:00:24]} Be7 {[%emt 0:03:54]} 7. Nbd2 {[%emt 0:01:40]} c5 {[%emt 0:00:29] D03: 1 d4 d5 2 Nf3 Nf6 3 Bg5, including Torre Attack with early ...d5} (7... b6 8. c3 Bb7 9. O-O O-O 10. b4 h6 11. Bf4 c5 12. Qb1 cxb4 13. cxb4 Nh5 14. Be5 Nhf6 15. Bg3 Nh5 16. Be5 Nhf6 17. Bf4 Nh5 18. Be5 {½-½ (17) Andreikin,D (2710)-Oparin,G (2609) Satka 2018}) 8. c4 {[%emt 0:10:52]} h6 {[%emt 0:01:59]} 9. Bh4 {[%emt 0:01:42]} b6 {[%emt 0:01:20]} 10. b3 {[%emt 0:12:03]} Bb7 {[%emt 0:00:31]} 11. Qc2 {[%emt 0:03:35]} Rc8 {[%emt 0:00:36]} 12. O-O {[%emt 0:03:34]} O-O {[%emt 0:01:14]} 13. Rac1 {[%emt 0:06:27]} b5 $146 {[%emt 0:07:15]} ({Predecessor:} 13... Nh5 14. Bxe7 Qxe7 15. Rfe1 Nhf6 16. e4 dxe4 17. Nxe4 Nxe4 18. Bxe4 Nf6 19. Bxb7 Qxb7 {½-½ (34) Vaitonis,V (2029)-Barsciauskas,G (1891) Klaipeda 2011}) 14. Qb1 {[%emt 0:02:01]} bxc4 {[%emt 0:08:07]} 15. bxc4 {[%emt 0:00:41]} Ba8 {[%emt 0:00:05]} 16. h3 {[%emt 0:14:30]} cxd4 {[%emt 0:03:25]} 17. exd4 {[%emt 0:01:52]} dxc4 {[%emt 0:00:21]} 18. Bxc4 {[%emt 0:00:54]} Nb6 {[%emt 0:00:55]} 19. Bb3 {[%emt 0:01:08]} Nbd5 {[%emt 0:02:41]} 20. Rxc8 {[%emt 0:03:48]} Qxc8 {[%emt 0:00:05]} 21. Bg3 {[%emt 0:05:21]} Rd8 {[%emt 0:02:22]} 22. Rc1 {[%emt 0:01:28]} Nc3 {[%emt 0:01:09]} 23. Qd3 {[%emt 0:00:16]} Ne2+ {[%emt 0:00:11]} 24. Qxe2 {[%emt 0:00:51]} Qxc1+ {[%emt 0:00:04]} 25. Kh2 {[%emt 0:00:24]} Nd5 {[%emt 0:01:07]} 26. Nc4 {[%emt 0:10:01]} Nc3 {[%emt 0:01:34]} 27. Qe3 {[%emt 0:01:05]} Qxe3 {[%emt 0:02:05]} 28. fxe3 {[%emt 0:00:06]} Ne2 {[%emt 0:01:08]} 29. Be1 {[%emt 0:03:10]} Nc1 {[%emt 0:00:29]} 30. Nfd2 {[%emt 0:02:08]} Nxb3 $19 {[%emt 0:01:12]} 31. axb3 {[%emt 0:01:25]} Bb4 {[%emt 0:00:20]} 32. Kg3 {[%emt 0:02:20]} Bd5 {[%emt 0:00:26]} 33. Kf2 {[%emt 0:00:46]} Rc8 {[%emt 0:01:49]} 34. g3 {[%emt 0:02:32]} Bxd2 {[%emt 0:01:15]} 0-1

[Event "ROU-chT Women Superliga 2018"]
[Site "Sovata"]
[Date "2018.11.28"]
[Round "4"]
[White "Cristocea, Gabriela"]
[Black "Sandu, Mihaela"]
[Result "0-1"]
[WhiteElo "1843"]
[BlackElo "2308"]
[Annotator "NA RC"]
[PlyCount "44"]
[EventDate "2018.11.24"]
[EventType "team-tourn"]
[EventCountry "ROU"]
[SourceTitle "playchess.com"]
[Source "ChessBase"]
[SourceQuality "1"]
[TimeControl "40/5400+30:1800+30"]

1. d4 {[%emt 0:00:00]} Nf6 {[%emt 0:00:00]} 2. c4 {[%emt 0:00:00]} e6 {[%emt 0:00:00]} 3. Nf3 {[%emt 0:00:00]} d5 {[%emt 0:00:00]} 4. Bf4 {[%emt 0:01:07]} Be7 {[%emt 0:00:13]} 5. e3 {[%emt 0:00:32]} O-O {[%emt 0:00:12]} 6. Nc3 {[%emt 0:00:55]} c5 {[%emt 0:01:51]} 7. cxd5 {[%emt 0:00:58]} Nxd5 {[%emt 0:01:05]} 8. Nxd5 {[%emt 0:00:31] D37: Queen's Gambit Declined: 5 Bf4} Qxd5 {[%emt 0:00:06]} 9. a3 {[%emt 0:04:00]} Nc6 {[%emt 0:03:07]} (9... cxd4 10. Qxd4 Qxd4 11. Nxd4 Bf6 12. Bg3 Bxd4 13. exd4 Rd8 14. O-O-O b6 15. Bh4 Rd6 16. Bg3 Rd8 17. Bh4 {½-½ (17) Edouard,R (2641)-Hammer,J (2689) Drancy 2016}) 10. dxc5 {[%emt 0:00:52]} Qxc5 {[%emt 0:01:23]} 11. Rc1 {[%emt 0:04:37]} Qa5+ {[%emt 0:04:41]} 12. Qd2 {[%emt 0:02:03]} Qxd2+ {[%emt 0:00:53]} 13. Nxd2 {[%emt 0:00:06]} Bf6 {[%emt 0:14:53]} 14. Rc2 $146 {[%emt 0:04:58]} ({Predecessor:} 14. Nc4 e5 15. Bg3 Be6 16. Be2 e4 17. b4 Ne7 {½-½ (18) Tschann,S (2214)-Gasthofer,A (2458) Germany 2010}) 14... e5 {[%emt 0:00:38]} 15. Bg3 {[%emt 0:00:07]} Bf5 {[%emt 0:00:45]} 16. Rc1 {[%emt 0:05:47]} Rac8 {[%emt 0:03:30]} 17. Be2 {[%emt 0:04:26]} Rfd8 {[%emt 0:17:22]} 18. Bf3 {[%emt 0:10:41]} Bd3 {[%emt 0:17:43]} (18... e4 $17 19. Bxe4 Bxe4 20. Nxe4 Bxb2 {[%mdl 64] Double Attack}) 19. Be4 {[%emt 0:03:19] [#]} Nd4 $1 {[%emt 0:03:37]} 20. Rxc8 {[%emt 0:01:36]} Rxc8 {[%emt 0:00:08]} 21. Bf3 {[%emt 0:27:29]} (21. f4 $19 exf4 22. Bxf4 Bh4+ 23. g3 Bxe4 24. Nxe4 Rc1+ 25. Kf2 Rxh1 26. exd4) 21... Rc1+ {[%emt 0:00:35]} 22. Bd1 {[%emt 0:00:05]} Nc2# {[%emt 0:00:18]} 0-1

[Event "ROU-chT Women Superliga 2018"]
[Site "Sovata"]
[Date "2018.11.28"]
[Round "4"]
[White "Coman, Emilia-Florentina"]
[Black "Popa, Andrada"]
[Result "1-0"]
[WhiteElo "1802"]
[BlackElo "1598"]
[Annotator "NA"]
[PlyCount "45"]
[EventDate "2018.11.24"]
[EventType "team-tourn"]
[EventCountry "ROU"]
[SourceTitle "playchess.com"]
[Source "ChessBase"]
[SourceQuality "1"]
[TimeControl "40/5400+30:1800+30"]

1. d4 {[%emt 0:00:00]} d5 {[%emt 0:01:46]} 2. c4 {[%emt 0:00:00]} e6 {[%emt 0:00:06]} 3. Nc3 {[%emt 0:00:00]} Nf6 {[%emt 0:00:05]} 4. cxd5 {[%emt 0:00:00]} exd5 {[%emt 0:00:06]} 5. Bg5 {[%emt 0:00:00]} c6 {[%emt 0:00:08]} 6. e3 {[%emt 0:00:08]} Be7 {[%emt 0:00:29]} 7. Bd3 {[%emt 0:00:05]} Nbd7 {[%emt 0:01:54]} 8. Qc2 {[%emt 0:01:17]} h6 {[%emt 0:03:55]} 9. Bh4 {[%emt 0:00:08]} O-O {[%emt 0:04:14]} 10. Nf3 {[%emt 0:00:26]} Re8 {[%emt 0:01:10]} 11. O-O {[%emt 0:01:43]} Ne4 {[%emt 0:13:33]} 12. Bxe7 {[%emt 0:05:31]} Qxe7 {[%emt 0:01:04] LiveBook: 115 Games} 13. Rab1 {[%emt 0:01:26]} a5 {[%emt 0:06:00]} 14. Na4 {[%emt 0:06:21]} f5 {[%emt 0:16:21]} 15. Rbc1 {[%emt 0:13:32]} Qd6 {[%emt 0:05:30]} 16. Rfe1 {[%emt 0:16:38]} Ndf6 {[%emt 0:12:01]} (16... b5 $11 {keeps the balance.}) 17. Ne5 {[%emt 0:04:35]} c5 $18 {[%emt 0:11:47]} (17... Qd8 $16) 18. Nxc5 {[%emt 0:01:55]} b6 {[%emt 0:07:24]} 19. Na4 {[%emt 0:06:37]} Bb7 {[%emt 0:06:04]} 20. Qc7 {[%emt 0:01:50]} Rab8 {[%emt 0:02:39]} 21. Qf7+ {[%emt 0:07:48]} Kh7 {[%emt 0:00:30]} 22. Rc7 {[%emt 0:00:58]} Rg8 {[%emt 0:01:13]} 23. Qg6+ {[%emt 0:00:08]} 1-0

[Event "ROU-chT Women Superliga 2018"]
[Site "Sovata"]
[Date "2018.11.28"]
[Round "4"]
[White "Didiliuc, Dariana-Gabriela"]
[Black "Peptan, Corina-Isabela"]
[Result "0-1"]
[WhiteElo "1784"]
[BlackElo "2378"]
[Annotator "TA"]
[PlyCount "64"]
[EventDate "2018.11.24"]
[EventType "team-tourn"]
[EventCountry "ROU"]
[SourceTitle "playchess.com"]
[Source "ChessBase"]
[SourceQuality "1"]

{[%evp 12,64,0,-25,-9,-31,-22,-61,-66,-144,-133,-145,-135,-143,-149,-171,-175,-170,-170,-157,-175,-172,-160,-159,-162,-195,-182,-264,-174,-237,-184,-227,-187,-262,-262,-254,-258,-297,-279,-306,-275,-301,-295,-618,-736,-723,-736,-722,-726,-712,-710,-612,-581,-458,-422]} 1. d4 Nf6 2. c4 e6 {[%cal Be7e6,Be6e5][%mdl 32]} 3. Nc3 Bb4 4. Qc2 O-O 5. Nf3 d6 6. e4 {E32: Nimzo-Indian: Classical (4 Qc2): 4...0-0} (6. Bd2 c5 7. dxc5 Bxc5 8. e3 Nc6 9. a3 a6 10. Bd3 Ba7 11. O-O h6 12. h3 Qe7 13. Rad1 Bd7 14. Rfe1 Rac8 {0-1 (39) Nihal,S (2551)-Jakovenko,D (2749) Ankara 2018}) 6... e5 7. d5 {LiveBook: 9 Games} Nbd7 8. Bd3 {The position is equal.} Nc5 9. Bd2 Nh5 $146 ({Predecessor:} 9... Bxc3 10. Bxc3 Nh5 11. b4 Nxd3+ 12. Qxd3 Nf4 13. Qf1 f5 14. exf5 Bxf5 {0-1 (34) Janiesch,M (1790)-Weclawski,D (2090) Germany 2014}) 10. O-O-O ({White should play} 10. O-O $15) 10... Bxc3 $17 11. Qxc3 f5 {[%cal Bf7f5,Bf5e4][%mdl 32]} 12. Bc2 Nxe4 13. Bxe4 fxe4 14. Ng5 Nf4 15. Bxf4 Rxf4 16. g3 Rxf2 ({But not} 16... Qxg5 17. gxf4 exf4 18. h4 $15) 17. Nxe4 Rf8 18. c5 Bf5 19. Nd2 (19. Qe3 $142) 19... Qe7 20. Rde1 (20. h4 $142) 20... Rae8 {[%cal Ba8e8,Be8c8,Bc8c5][%mdl 32]} 21. Re3 Qd7 ({Resist} 21... dxc5 22. Qb3) 22. Rhe1 (22. Qb4 {was worth a try.}) 22... Bg6 $19 23. Ne4 b6 24. cxd6 cxd6 25. Qb4 Rc8+ ({Don't take} 25... Bxe4 26. Qxe4 Qb5 27. Kb1 $19) 26. Kb1 Rc5 27. Rd3 $2 {[#]} (27. Ka1 Bxe4 28. Qxe4) 27... a5 {Black is clearly winning.} 28. Qd2 Bxe4 29. Rxe4 Rf1+ 30. Re1 Rxe1+ 31. Qxe1 Qf5 32. Qd1 Rxd5 {Precision: White = 22%, Black = 84%.} 0-1